Z volebních programů 1981-1986 : výběr dokumentů okresních archivů Jihomoravského kraje /

Další autoři: Grůzová, Ludmila, 1936-2011
Jazyk: Čeština
Vydáno: Brno : Okresní archívy Jihomoravského kraje, 1986
Edice: Dokumenty okresních archivů Jihomoravského kraje
Témata:
Fyzický popis: 1 sv. (na volných listech)
Knihy
Uloženo v:
LEADER 01130nam a22002652a 4500
001 000847330
003 CZ BrMZK
005 20210913082458.0
007 ta
008 070410s1986 xr er|||||||||||cze d
015 |a cnb000016887 
040 |a BOA001  |b cze 
080 9 |a 338.22(437.22) 
245 0 0 |a Z volebních programů 1981-1986 :  |b výběr dokumentů okresních archivů Jihomoravského kraje /  |c redakční rada Ludmila Grůzová ... [et al.] ; úvod Stanislav Pumprla 
260 |a Brno :  |b Okresní archívy Jihomoravského kraje,  |c 1986 
300 |a 1 sv. (na volných listech) 
490 1 |a Dokumenty okresních archivů Jihomoravského kraje ;  |v sv. 12 
700 1 |a Grůzová, Ludmila,  |d 1936-2011  |7 xx0011495  |4 edt 
830 0 |a Dokumenty okresních archivů Jihomoravského kraje  |0 s 
910 |a BOA001  |b 2-0903.331 
964 |a Volební programy - Jihomoravský kraj - 1981-1986 
990 |a BK 
991 |b 200704 
996 6 |b 2619326144  |c 2-0903.331  |l MZK  |r Sklad / do 1 hodiny  |n 0  |w 000847330  |u 000020  |a 1  |e BOA001  |j MZK50  |s P 
996 7 |b 2619326145  |c 2-0903.331  |l MZK  |r Sklad / do 1 hodiny  |n 0  |w 000847330  |u 000010  |a 1  |e BOA001  |j MZK50  |s A